Dôsledky COVID 19 pandemií na migráciu v Európe bakalárska práca

Gespeichert in:
Bibliographische Detailangaben
1. Verfasser: Kubištová, Nikola
Körperschaft: Národohospodárska fakulta EU. Katedra ekonómie
Weitere Verfasser: Trnovský, Karol, 1983-
Format: Buch
Sprache:Slowakisch
Veröffentlicht: Bratislava 2022
Tags: Tag hinzufügen
Keine Tags, Fügen Sie das erste Tag hinzu!

MARC

LEADER 00000nbm a2200000 4500
001 0287427
005 20221102140309.5
041 0 |a slo 
044 |a SK 
245 1 0 |a Dôsledky COVID 19 pandemií na migráciu v Európe  |b bakalárska práca  |c Nikola Kubištová ; školiteľ: Karol Trnovský 
264 1 |a Bratislava  |c 2022 
300 |a 51 s. 
100 1 |a Kubištová, Nikola 
700 1 |a Trnovský, Karol, 1983- 
710 2 |a Národohospodárska fakulta EU. Katedra ekonómie